[Event "?"]
[Site "Chess.com iPhone"]
[Date "2025.02.12"]
[Round "?"]
[White "Jonny-Silver2023"]
[Black "Artem_Guk"]
[Result "0-1"]
[GameId "7eaLpIre"]
[WhiteElo "366"]
[BlackElo "1016"]
[Variant "Standard"]
[TimeControl "-"]
[Termination "Normal"]
[Annotator "live.chess-online.com"]

1. d4 { [%eval 0.25] } 1... d5 { [%eval 0.48] } 2. c4 { [%eval 0.25] } 2... Bf5?! { (0.25 → 1.18) Inaccuracy. e6 was best. } { [%eval 1.18] } (2... e6 3. cxd5 exd5 4. Nc3 Nf6 5. Bg5 Be7 6. e3 O-O 7. Bd3) 3. Qb3 { [%eval 0.71] } { D06 Queen's Gambit Declined: Baltic Defense, Queen Attack } 3... e6 { [%eval 0.7] } 4. Qxb7 { [%eval 0.69] } 4... Nd7 { [%eval 0.81] } 5. Nc3 { [%eval 0.5] } 5... Rb8 { [%eval 0.62] } 6. Qxa7 { [%eval 0.66] } 6... Ra8 { [%eval 0.63] } 7. Qb7 { [%eval 1.0] } 7... Rb8 { [%eval 0.8] } 8. Qc6 { [%eval 0.29] } 8... Bb4 { [%eval 0.27] } 9. Bf4? { (0.27 → -0.90) Mistake. c5 was best. } { [%eval -0.9] } (9. c5 Ne7) 9... e5 { [%eval -1.14] } 10. Bxe5 { [%eval -0.82] } 10... Ne7 { [%eval -1.22] } 11. Qxc7 { [%eval -1.74] } 11... Nxe5 { [%eval -1.36] } 12. Qxe5?? { (-1.36 → -5.14) Blunder. Qxd8+ was best. } { [%eval -5.14] } (12. Qxd8+) 12... Ba5 { [%eval -4.61] } 13. b4?! { (-4.61 → -7.62) Inaccuracy. g4 was best. } { [%eval -7.62] } (13. g4 Rxb2) 13... Bxb4 { [%eval -7.79] } 14. Qe3 { [%eval -7.81] } 14... dxc4 { [%eval -7.15] } 15. g4 { [%eval -10.77] } 15... Bd3 { [%eval -10.23] } 16. exd3 { [%eval -13.24] } 16... Bxc3+ { [%eval -12.86] } 17. Kd1 { [%eval -13.12] } 17... Bxa1 { [%eval -12.21] } 18. dxc4 { [%eval -13.31] } 18... Qa5 { [%eval -8.03] } 19. Nf3 { [%eval -13.17] } 19... Qa4+ { [%eval -12.07] } 20. Kd2?! { (-12.07 → Mate in 9) Checkmate is now unavoidable. Ke2 was best. } { [%eval #-9] } (20. Ke2) 20... Rb2+ { [%eval #-8] } 21. Kd3 { [%eval #-1] } 21... Qc2# { Black wins by checkmate. } 0-1